[Event "XIV. DBMM Schach"]
[Site "Dresden"]
[Date "2014.11.20"]
[Round "2.1"]
[White "Ungerer, Markus"]
[Black "Jacobsen, Ruediger"]
[Result "1-0"]
[WhiteElo "2125"]
[BlackElo "1518"]
[Annotator "br"]
[PlyCount "27"]
[EventDate "2014.??.??"]
[EventType "team-swiss"]
[EventRounds "7"]
[EventCountry "GER"]
[Source "FV Schach e.V."]
[SourceDate "2015.07.06"]
[WhiteTeam "W&W"]
[BlackTeam "SG Airbus Bremen"]
[WhiteTeamCountry "GER"]
[BlackTeamCountry "GER"]

1. e4 e5 2. Nf3 Nc6 3. Bc4 Bc5 4. c3 a6 5. O-O Nf6 6. d4 exd4 7. cxd4 Ba7 8. e5
Ng8 9. Qb3 Nxd4 10. Bxf7+ Kf8 11. Nxd4 Bxd4 12. Qf3 Bxe5 13. Bxg8+ Kxg8 14.
Qd5+ 1-0

[Event "XIV. DBMM Schach"]
[Site "Dresden"]
[Date "2014.11.20"]
[Round "2.2"]
[White "Hueners, Rolf"]
[Black "Peck, Malcolm"]
[Result "1/2-1/2"]
[WhiteElo "1389"]
[BlackElo "1684"]
[Annotator "br"]
[PlyCount "77"]
[EventDate "2014.??.??"]
[EventType "team-swiss"]
[EventRounds "7"]
[EventCountry "GER"]
[Source "FV Schach e.V."]
[SourceDate "2015.07.06"]
[WhiteTeam "SG Airbus Bremen"]
[BlackTeam "W&W"]
[WhiteTeamCountry "GER"]
[BlackTeamCountry "GER"]

1. d4 d5 2. e3 Nf6 3. h3 e6 4. c4 c6 5. Bd2 Bd6 6. c5 Bc7 7. Bd3 O-O 8. Nf3
Nbd7 9. Bc3 b6 10. b4 Bb7 11. O-O Re8 12. Nbd2 Qb8 13. Qc2 e5 14. Nh4 e4 15.
Be2 Qd8 16. Nf5 Re6 17. f3 g6 18. Nh6+ Kg7 19. Ng4 Nh5 20. fxe4 Ng3 21. Rfe1
Nxe4 22. Nxe4 f5 23. Nd6 Bxd6 24. cxd6 fxg4 25. Bxg4 Rxd6 26. e4 Rf6 27. Rf1
Ba6 28. Rf3 Qe7 29. Re1 Rxf3 30. Bxf3 Qg5 31. a4 Rf8 32. Qf2 Kg8 33. exd5 cxd5
34. Bd2 Qf5 35. b5 Bb7 36. Bb4 Rf7 37. Qg3 Qf4 38. Qxf4 Rxf4 39. Re7 1/2-1/2

[Event "XIV. DBMM Schach"]
[Site "Dresden"]
[Date "2014.11.20"]
[Round "2.3"]
[White "Nitsch, Norbert"]
[Black "Waltz, Juergen"]
[Result "1-0"]
[WhiteElo "1739"]
[BlackElo "1400"]
[Annotator "br"]
[PlyCount "47"]
[EventDate "2014.??.??"]
[EventType "team-swiss"]
[EventRounds "7"]
[EventCountry "GER"]
[Source "FV Schach e.V."]
[SourceDate "2015.07.06"]
[WhiteTeam "W&W"]
[BlackTeam "SG Airbus Bremen"]
[WhiteTeamCountry "GER"]
[BlackTeamCountry "GER"]

1. c4 c5 2. Nc3 Nc6 3. g3 g6 4. Bg2 Bg7 5. b3 e6 6. Rb1 Nf6 7. Nf3 O-O 8. Na4
d6 9. Bb2 Rb8 10. d4 b6 11. O-O Bb7 12. e3 Qc7 13. Nc3 Rfd8 14. Qe2 d5 15. cxd5
Nxd5 16. Nxd5 exd5 17. Rfd1 Rd6 18. Rbc1 cxd4 19. Nxd4 Qe7 20. Nxc6 Bxc6 21.
Ba3 Qe6 22. Bxd6 Qxd6 23. Bxd5 Bxd5 24. Qd3 1-0

[Event "XIV. DBMM Schach"]
[Site "Dresden"]
[Date "2014.11.20"]
[Round "2.1"]
[White "Zunk, Olaf"]
[Black "Schroeder, Kai Uwe"]
[Result "0-1"]
[WhiteElo "1402"]
[BlackElo "1858"]
[Annotator "br"]
[PlyCount "96"]
[EventDate "2014.??.??"]
[EventType "team-swiss"]
[EventRounds "7"]
[EventCountry "GER"]
[Source "FV Schach e.V."]
[SourceDate "2015.07.06"]
[WhiteTeam "ADAC Muenchen II"]
[BlackTeam "Transit Hamburg II"]
[WhiteTeamCountry "GER"]
[BlackTeamCountry "GER"]

1. e4 e6 2. d4 d5 3. e5 c5 4. c3 Qb6 5. b3 cxd4 6. cxd4 Bb4+ 7. Nd2 Qxd4 8.
Bb5+ Nc6 9. Qc2 Qxe5+ 10. Ne2 Bd7 11. Bb2 Qg5 12. Bc3 Bxc3 13. Qxc3 Qf6 14.
Bxc6 Bxc6 15. Rc1 Qxc3 16. Rxc3 Ne7 17. Nd4 O-O 18. O-O Rfc8 19. Rfc1 Bd7 20.
N2f3 Rxc3 21. Rxc3 Rc8 22. Rxc8+ Bxc8 23. Ne5 f6 24. Nd3 e5 25. Nb5 a6 26. Nd6
b6 27. Nb4 d4 28. Nxc8 Nxc8 29. Nxa6 Kf7 30. Nb4 Ke6 31. Kf1 Nd6 32. f3 Nf5 33.
Ke2 Ne3 34. g3 Nd5 35. Nd3 Nc3+ 36. Kf2 Nxa2 37. f4 e4 38. Nb2 b5 39. g4 Nc1
40. b4 Nd3+ 41. Nxd3 exd3 42. Ke1 Kd5 43. Kd2 Kc4 44. h4 Kxb4 45. Kxd3 Kc5 46.
g5 f5 47. h5 b4 48. h6 g6 0-1

[Event "XIV. DBMM Schach"]
[Site "Dresden"]
[Date "2014.11.20"]
[Round "2.2"]
[White "Figger, Udo"]
[Black "Lajh, Anton"]
[Result "1-0"]
[WhiteElo "1906"]
[BlackElo "1530"]
[Annotator "br"]
[PlyCount "65"]
[EventDate "2014.??.??"]
[EventType "team-swiss"]
[EventRounds "7"]
[EventCountry "GER"]
[Source "FV Schach e.V."]
[SourceDate "2015.07.06"]
[WhiteTeam "Transit Hamburg II"]
[BlackTeam "ADAC Muenchen II"]
[WhiteTeamCountry "GER"]
[BlackTeamCountry "GER"]

1. Nc3 e5 2. d4 exd4 3. Qxd4 Nc6 4. Qa4 h6 5. a3 Nf6 6. Nf3 Bc5 7. Qh4 O-O 8.
Bxh6 gxh6 9. e3 Kg7 10. Bd3 Nh7 11. Qe4 Nf6 12. Qc4 Be7 13. g4 d5 14. Qa4 Nh7
15. h4 Rh8 16. O-O-O Kf8 17. g5 h5 18. g6 fxg6 19. Bxg6 Qd6 20. Be4 Nf6 21.
Nxd5 Nxd5 22. Bxd5 Qh6 23. Ng5 Bxg5 24. hxg5 Qxg5 25. Bxc6 bxc6 26. Qxc6 Bg4
27. Qxa8+ Kg7 28. Qg2 Rf8 29. Rd2 Qe5 30. Rg1 Kh6 31. Rd5 Rxf2 32. Rxe5 Rxg2
33. Rxg2 1-0

[Event "XIV. DBMM Schach"]
[Site "Dresden"]
[Date "2014.11.20"]
[Round "2.4"]
[White "Rulfs, Ernst August"]
[Black "Zunk, Steffi"]
[Result "1-0"]
[WhiteElo "1598"]
[BlackElo "822"]
[Annotator "br"]
[PlyCount "49"]
[EventDate "2014.??.??"]
[EventType "team-swiss"]
[EventRounds "7"]
[EventCountry "GER"]
[Source "FV Schach e.V."]
[SourceDate "2015.07.06"]
[WhiteTeam "Transit Hamburg II"]
[BlackTeam "ADAC Muenchen II"]
[WhiteTeamCountry "GER"]
[BlackTeamCountry "GER"]

1. c4 e5 2. Nc3 Nc6 3. e4 Nf6 4. Nf3 Bc5 5. Nxe5 Nxe5 6. d4 Bd6 7. dxe5 Bxe5 8.
f4 Bxc3+ 9. bxc3 Nxe4 10. Qd4 Nf6 11. Ba3 d6 12. c5 Qe7+ 13. Be2 Bg4 14. O-O
Bxe2 15. Rfe1 O-O 16. cxd6 Qe6 17. dxc7 Rfc8 18. Bd6 Qg4 19. h3 Qe6 20. Rad1
Nh5 21. Kf2 Re8 22. Rd2 Qg6 23. Rdxe2 Qg3+ 24. Kf1 Nxf4 25. Rxe8+ 1-0

[Event "XIV. DBMM Schach"]
[Site "Dresden"]
[Date "2014.11.21"]
[Round "3.2"]
[White "Salov, Sergej"]
[Black "Scholvin, Erich"]
[Result "1/2-1/2"]
[WhiteElo "2256"]
[BlackElo "2105"]
[Annotator "br"]
[PlyCount "110"]
[EventDate "2014.??.??"]
[EventType "team-swiss"]
[EventRounds "7"]
[EventCountry "GER"]
[Source "FV Schach e.V."]
[SourceDate "2015.07.06"]
[WhiteTeam "SK Praesident Berlin"]
[BlackTeam "SV RAPID Unilever Hamburg"]
[WhiteTeamCountry "RUS"]
[BlackTeamCountry "GER"]

1. e4 e6 2. d4 d5 3. Nd2 Nc6 4. Ngf3 Nf6 5. e5 Nd7 6. Be2 f6 7. exf6 Qxf6 8.
Nf1 Bd6 9. Ne3 O-O 10. O-O Qg6 11. c4 Nf6 12. b3 Bd7 13. Bb2 Bf4 14. Ne5 Qe8
15. Bf3 Bxe3 16. fxe3 Rd8 17. Ba3 Ne7 18. Qd2 b6 19. Qb4 Ng6 20. Qc3 Ne7 21.
Bxe7 Qxe7 22. cxd5 Rc8 23. Nxd7 Qxd7 24. dxe6 Qxe6 25. Qc4 Rfe8 26. Qxe6+ Rxe6
27. e4 Rd8 28. e5 Nd5 29. Rfe1 Nb4 $11 30. Re4 c5 31. dxc5 bxc5 32. a3 Nc2 33.
Rc1 Rd2 34. Bg4 Re7 35. e6 g6 36. h4 h5 37. Bh3 a5 38. Kh1 Kg7 39. Rf1 Nd4 40.
Ref4 Nxe6 41. Re4 Rd6 42. Rfe1 Kf6 43. Kg1 Re8 44. R1e2 Kf7 45. Rc2 Rb8 46.
Bxe6+ Rxe6 47. Rxe6 Kxe6 48. Rxc5 Rxb3 49. Rxa5 Rb2 50. Rg5 Kf6 51. Rg3 Ra2 52.
Kf1 Kf5 53. Ke1 Kf4 54. Rxg6 Rxa3 55. Rg5 Rg3 1/2-1/2

[Event "XIV. DBMM Schach"]
[Site "Dresden"]
[Date "2014.11.21"]
[Round "3.3"]
[White "Neander, Swen"]
[Black "Gruzmann, Boris"]
[Result "0-1"]
[WhiteElo "1980"]
[BlackElo "2246"]
[Annotator "br"]
[PlyCount "50"]
[EventDate "2014.??.??"]
[EventType "team-swiss"]
[EventRounds "7"]
[EventCountry "GER"]
[Source "FV Schach e.V."]
[SourceDate "2015.07.06"]
[WhiteTeam "SV RAPID Unilever Hamburg"]
[BlackTeam "SK Praesident Berlin"]
[WhiteTeamCountry "GER"]
[BlackTeamCountry "RUS"]

1. d4 Nf6 2. Nf3 g6 3. Bf4 Bg7 4. e3 O-O 5. Be2 d6 6. h3 Nfd7 7. c4 e5 8. Bh2
Nc6 9. Nc3 f5 10. dxe5 dxe5 11. Qd5+ Kh8 12. a3 Qe7 13. Qd2 Nb6 14. Qc2 Be6 15.
Nd2 a5 16. Nb5 a4 17. O-O Rfd8 18. b4 axb3 19. Nxb3 Rd7 20. Rfd1 Rad8 21. Rxd7
Rxd7 22. Ra2 Na4 23. Na5 Nxa5 24. Qxa4 Nxc4 25. Qa8+ Rd8 0-1

[Event "XIV. DBMM Schach"]
[Site "Dresden"]
[Date "2014.11.21"]
[Round "3.4"]
[White "Mueller, Reinhard"]
[Black "Ristic, Sreten"]
[Result "1-0"]
[WhiteElo "2129"]
[BlackElo "1925"]
[Annotator "br"]
[PlyCount "65"]
[EventDate "2014.??.??"]
[EventType "team-swiss"]
[EventRounds "7"]
[EventCountry "GER"]
[Source "FV Schach e.V."]
[SourceDate "2015.07.06"]
[WhiteTeam "SK Praesident Berlin"]
[BlackTeam "SV RAPID Unilever Hamburg"]
[WhiteTeamCountry "RUS"]
[BlackTeamCountry "GER"]

1. e4 d6 2. d4 Nf6 3. Nc3 g6 4. Be3 Bg7 5. Nf3 O-O 6. h3 Nbd7 7. Qd2 e5 8. dxe5
dxe5 9. Bh6 c6 10. Bxg7 Kxg7 11. Bd3 Qc7 12. O-O Nc5 13. Qg5 Re8 14. Rad1 h6
15. Qe3 Ne6 16. Ne2 b5 17. Nh4 a6 18. c4 Bd7 19. c5 Nh5 20. g3 Ng5 21. g4 Nf6
22. Bc2 $11 Ra7 23. Rd6 Re6 24. Rfd1 Rxd6 25. cxd6 Qb8 26. f4 exf4 27. Nxf4 Ra8
28. e5 Ne8 29. Bxg6 Qd8 30. Bf5 Be6 31. Qd3 Qb6+ 32. Kg2 Kf8 33. Rf1 1-0

[Event "XIV. DBMM Schach"]
[Site "Dresden"]
[Date "2014.11.21"]
[Round "3.1"]
[White "Kleeschaetzky, Rainer"]
[Black "Eskandary, Jahya"]
[Result "1/2-1/2"]
[WhiteElo "2321"]
[BlackElo "2091"]
[Annotator "br"]
[PlyCount "105"]
[EventDate "2014.??.??"]
[EventType "team-swiss"]
[EventRounds "7"]
[EventCountry "GER"]
[Source "FV Schach e.V."]
[SourceDate "2015.07.06"]
[WhiteTeam "Deutsche Bahn/BSW Berlin"]
[BlackTeam "Europark Altenberg"]
[WhiteTeamCountry "GER"]
[BlackTeamCountry "GER"]

1. e4 e5 2. Nf3 Nc6 3. c3 d5 4. Qa4 f6 5. d3 Bd7 6. Qc2 Nge7 7. Nbd2 Be6 8. b4
a6 9. a3 Ng6 10. Bb2 Be7 11. h4 Bf7 12. g3 Nf8 13. Be2 Qd7 14. h5 O-O-O 15.
O-O-O Qe8 16. g4 Ne6 17. Nh4 Nf4 18. Bf1 Qd7 19. f3 g6 20. Ng2 Nxg2 21. Bxg2
Kb8 22. hxg6 hxg6 23. Rxh8 Rxh8 24. Rh1 Qe8 25. Qd1 Qg8 26. Qf1 g5 27. Qg1 Rh7
28. Nf1 Qh8 29. Ne3 Rxh1 30. Qxh1 Qxh1+ 31. Bxh1 dxe4 32. fxe4 Kc8 33. Bf3 Kd7
34. Bd1 Nd8 35. Kd2 c6 36. d4 Bd6 37. d5 b5 38. c4 bxc4 39. Be2 cxd5 40. exd5
Kc7 41. Bxc4 Kb7 42. Nd1 Bg6 43. Nc3 Nf7 44. Na4 Nh6 45. Nc5+ Bxc5 46. bxc5
Nxg4 47. Ke2 Be8 48. Bc3 Bb5 49. Bxb5 axb5 50. Ba5 e4 51. c6+ Kc8 52. Bc3 Kc7
53. Ba5+ 1/2-1/2

[Event "XIV. DBMM Schach"]
[Site "Dresden"]
[Date "2014.11.21"]
[Round "3.2"]
[White "Tichatschke, Wolfgang"]
[Black "Baumbach, Friedrich"]
[Result "1/2-1/2"]
[WhiteElo "2014"]
[BlackElo "2186"]
[Annotator "br"]
[PlyCount "74"]
[EventDate "2014.??.??"]
[EventType "team-swiss"]
[EventRounds "7"]
[EventCountry "GER"]
[Source "FV Schach e.V."]
[SourceDate "2015.07.06"]
[WhiteTeam "Europark Altenberg"]
[BlackTeam "Deutsche Bahn/BSW Berlin"]
[WhiteTeamCountry "GER"]
[BlackTeamCountry "GER"]

1. e4 c5 2. Nf3 Nc6 3. d4 cxd4 4. Nxd4 g6 5. Nc3 Bg7 6. Be3 Nf6 7. Be2 Qa5 8.
Nb3 Qc7 9. f4 d6 10. O-O O-O 11. Bf3 Bd7 12. Qe2 Na5 13. Nxa5 Qxa5 14. Rad1 Bc6
15. Bd4 Nd7 16. Bxg7 Kxg7 17. e5 dxe5 18. Bxc6 Qb6+ 19. Rf2 Qxc6 20. fxe5 Nb6
21. Nb5 Qc4 22. Qxc4 Nxc4 23. Rd7 Nxe5 24. Rxe7 Rfe8 25. Rxb7 Rab8 26. Rxb8
Rxb8 27. a4 a6 28. Nc7 Rxb2 29. Nxa6 Ng4 30. Rf1 Rxc2 31. Ra1 Ne3 32. g3 Nc4
33. Nb4 Rd2 34. a5 Ne5 35. Ra3 Nc4 36. Ra1 Ne5 37. Ra3 Nc4 1/2-1/2

[Event "XIV. DBMM Schach"]
[Site "Dresden"]
[Date "2014.11.21"]
[Round "3.3"]
[White "Kleeschaetzky, Ralf"]
[Black "Stavenhagen, Johannes"]
[Result "1-0"]
[WhiteElo "2239"]
[BlackElo "1973"]
[Annotator "br"]
[PlyCount "83"]
[EventDate "2014.??.??"]
[EventType "team-swiss"]
[EventRounds "7"]
[EventCountry "GER"]
[Source "FV Schach e.V."]
[SourceDate "2015.07.06"]
[WhiteTeam "Deutsche Bahn/BSW Berlin"]
[BlackTeam "Europark Altenberg"]
[WhiteTeamCountry "GER"]
[BlackTeamCountry "GER"]

1. Nf3 Nf6 2. c4 g6 3. Nc3 Bg7 4. e4 d6 5. d4 Bg4 6. Be3 Nbd7 7. Be2 c5 8. d5
Bxf3 9. Bxf3 Qb6 10. b3 O-O 11. O-O a6 12. Bd2 Qc7 13. Be2 Ne8 14. Qc2 f5 15.
exf5 Rxf5 16. Bd3 Rf7 17. f4 Bd4+ 18. Kh1 Ng7 19. Rae1 Raf8 20. Ne4 h6 21. Ng3
Nf5 22. Nxf5 gxf5 23. Rf3 b5 24. Rg3+ Bg7 25. Bc3 bxc4 26. Bxg7 Rxg7 27. Rxg7+
Kxg7 28. Rxe7+ Rf7 29. Rxf7+ Kxf7 30. Bxc4 Kf6 31. Qe2 Nf8 32. Bxa6 Qa5 33. h3
Qc3 34. Bc4 Qc1+ 35. Qf1 Qd2 36. a4 Ng6 37. g3 h5 38. h4 Qe3 39. Kh2 Nf8 40.
Qe2 Qd4 41. a5 Ng6 42. Kg2 1-0

[Event "XIV. DBMM Schach"]
[Site "Dresden"]
[Date "2014.11.21"]
[Round "3.4"]
[White "Warnke, Eberhard"]
[Black "Kuhne, Detlev"]
[Result "0-1"]
[WhiteElo "1854"]
[BlackElo "2131"]
[Annotator "br"]
[PlyCount "56"]
[EventDate "2014.??.??"]
[EventType "team-swiss"]
[EventRounds "7"]
[EventCountry "GER"]
[Source "FV Schach e.V."]
[SourceDate "2015.07.06"]
[WhiteTeam "Europark Altenberg"]
[BlackTeam "Deutsche Bahn/BSW Berlin"]
[WhiteTeamCountry "GER"]
[BlackTeamCountry "GER"]

1. d4 d5 2. Nf3 Nf6 3. e3 c6 4. c4 a6 5. Nc3 b5 6. cxd5 cxd5 7. Bd3 Bg4 8. h3
Bh5 9. O-O e6 10. a3 Be7 11. b4 O-O 12. Bb2 Nbd7 13. Be2 Bxf3 14. Bxf3 Nb6 15.
Qe2 Rc8 16. Rac1 Nc4 17. Nb1 Qb6 18. Rfd1 Rfd8 19. Rc3 Rc7 20. Rdc1 Rdc8 21. g3
h6 22. Bg2 a5 23. bxa5 Qxa5 24. e4 dxe4 25. R3c2 Bd6 26. Bc3 Qa4 27. Bxe4 Nxe4
28. Qxe4 Nxa3 {ZÜ} 0-1

[Event "XIV. DBMM Schach"]
[Site "Dresden"]
[Date "2014.11.21"]
[Round "3.1"]
[White "Schreiter, Thomas"]
[Black "Blum, Norbert"]
[Result "1/2-1/2"]
[WhiteElo "2037"]
[BlackElo "2009"]
[Annotator "br"]
[PlyCount "132"]
[EventDate "2014.??.??"]
[EventType "team-swiss"]
[EventRounds "7"]
[EventCountry "GER"]
[Source "FV Schach e.V."]
[SourceDate "2015.07.06"]
[WhiteTeam "le-tex GmbH Leipzig"]
[BlackTeam "Sparkassen-Vers. Stuttgart"]
[WhiteTeamCountry "GER"]
[BlackTeamCountry "GER"]

1. d4 Nf6 2. c4 g6 3. Nc3 d5 4. Bf4 Bg7 5. e3 c5 6. dxc5 Qa5 7. Rc1 dxc4 8.
Bxc4 O-O 9. Nge2 Nc6 10. O-O e5 11. Bg5 Qxc5 12. Bxf6 Bxf6 13. Ne4 Qe7 14.
Nxf6+ Qxf6 15. Nc3 Rd8 16. Qe2 Be6 17. Ne4 Qe7 18. Bxe6 Qxe6 19. Nc5 Qe7 20.
Qb5 Rd2 21. Ne4 Rdd8 22. Rc5 Rab8 23. h3 Kg7 24. a4 Qe6 25. a5 a6 26. Qa4 b5
27. axb6 Rxb6 28. Rc4 Ne7 29. Rc7 Rdb8 30. Qa3 Rb4 31. Nc5 Qb6 32. Nxa6 Nd5 33.
Nxb8 Nxc7 34. Nd7 Qb7 35. Nxe5 Rxb2 36. Qc3 Nd5 37. Qd4 Rb4 38. Qa1 f6 39. Nd3
Rb5 40. Rc1 Nb4 41. Nf4 Re5 42. Qb2 Qe7 43. Rc4 Nd5 44. Nd3 Re6 45. Qb8 Rb6 46.
Qc8 Rb1+ 47. Rc1 Rxc1+ 48. Qxc1 Qe4 49. Nc5 Qe5 50. Qc4 Qa1+ 51. Kh2 Qe5+ 52.
g3 g5 53. Nd3 Qe6 54. Qd4 Qc6 55. Nc5 Ne7 56. e4 Ng6 57. Nd7 Kf7 58. Nb8 Qb7
59. Qd7+ Qxd7 60. Nxd7 Ke6 61. Nb6 Ne5 62. Kg2 f5 63. f4 gxf4 64. gxf4 Nd3 65.
Kf3 fxe4+ 66. Kxe4 Nf2+ 1/2-1/2

[Event "XIV. DBMM Schach"]
[Site "Dresden"]
[Date "2014.11.21"]
[Round "3.2"]
[White "Marten, Gero"]
[Black "Heinrich, Thomas"]
[Result "0-1"]
[WhiteElo "2010"]
[BlackElo "2224"]
[Annotator "br"]
[PlyCount "118"]
[EventDate "2014.??.??"]
[EventType "team-swiss"]
[EventRounds "7"]
[EventCountry "GER"]
[Source "FV Schach e.V."]
[SourceDate "2015.07.06"]
[WhiteTeam "Sparkassen-Vers. Stuttgart"]
[BlackTeam "le-tex GmbH Leipzig"]
[WhiteTeamCountry "GER"]
[BlackTeamCountry "GER"]

1. Nf3 d5 2. g3 c6 3. Bg2 Bg4 4. O-O Nd7 5. d4 e6 6. Nbd2 f5 7. c4 Bd6 8. b3
Ngf6 9. Bb2 Ne4 10. Ne5 Nxe5 11. dxe5 Bc5 12. Nxe4 dxe4 13. Qc2 O-O 14. Kh1 Qb6
15. f3 exf3 16. exf3 Bh5 17. f4 Rad8 18. Bf3 Bxf3+ 19. Rxf3 Bd4 20. Bc3 c5 21.
Qg2 Bxc3 22. Rxc3 Rd4 23. Rc2 Rfd8 24. Rf1 Rd1 25. h3 Rxf1+ 26. Qxf1 Qc6+ 27.
Qg2 Rd1+ 28. Kh2 Qd7 29. Qe2 h6 30. h4 Qd4 31. Qf2 Qd3 32. Qe2 Qd4 33. Qf2
Qxf2+ 34. Rxf2 Kf7 35. Kh3 Kg6 36. Rc2 a5 37. Re2 Kh5 38. Rb2 Rd3 39. a3 g5 40.
hxg5 hxg5 41. fxg5 f4 42. b4 Rxg3+ 43. Kh2 cxb4 44. axb4 a4 45. c5 Kxg5 46. b5
Kf5 47. c6 bxc6 48. bxc6 Rc3 49. Ra2 Rxc6 50. Rxa4 Rc2+ 51. Kh3 Kxe5 52. Kg4
Rg2+ 53. Kf3 Rg3+ 54. Kf2 Rb3 55. Rc4 Kf5 56. Ra4 e5 57. Ra8 Rb2+ 58. Kf1 e4
59. Rg8 e3 0-1

[Event "XIV. DBMM Schach"]
[Site "Dresden"]
[Date "2014.11.21"]
[Round "3.3"]
[White "Hoffmann, Hendrik"]
[Black "Bischoff, Ulrich"]
[Result "0-1"]
[WhiteElo "2193"]
[BlackElo "2107"]
[Annotator "br"]
[PlyCount "70"]
[EventDate "2014.??.??"]
[EventType "team-swiss"]
[EventRounds "7"]
[EventCountry "GER"]
[Source "FV Schach e.V."]
[SourceDate "2015.07.06"]
[WhiteTeam "le-tex GmbH Leipzig"]
[BlackTeam "Sparkassen-Vers. Stuttgart"]
[WhiteTeamCountry "GER"]
[BlackTeamCountry "GER"]

1. e4 c5 2. Nf3 e6 3. d4 cxd4 4. Nxd4 Nc6 5. Nc3 Qc7 6. Nb3 Nf6 7. Bd3 a6 8.
O-O b5 9. f4 d6 10. Qf3 Be7 11. Bd2 O-O 12. Rae1 Bb7 13. Qh3 g6 14. f5 exf5 15.
exf5 Ne5 16. Bg5 Rae8 17. Bh6 Nfg4 18. Bxf8 Qb6+ 19. Kh1 Nf2+ 20. Rxf2 Qxf2 21.
Qg3 Bxg2+ 22. Qxg2 Qxe1+ 23. Bf1 Kxf8 24. Nd5 Ng4 25. Nd4 Ne3 26. Nxe3 Qxe3 27.
Nc6 Bf6 28. Nb4 Bxb2 29. Nd5 Qc1 30. fxg6 hxg6 31. Qf3 Re1 32. Kg2 Qxc2+ 33.
Kh3 Be5 34. Bg2 Qd2 35. Nf6 Re3 0-1

[Event "XIV. DBMM Schach"]
[Site "Dresden"]
[Date "2014.11.21"]
[Round "3.4"]
[White "Lau, Peter"]
[Black "Hartmann, Uwe"]
[Result "1/2-1/2"]
[WhiteElo "1824"]
[BlackElo "1964"]
[Annotator "br"]
[PlyCount "159"]
[EventDate "2014.??.??"]
[EventType "team-swiss"]
[EventRounds "7"]
[EventCountry "GER"]
[Source "FV Schach e.V."]
[SourceDate "2015.07.06"]
[WhiteTeam "Sparkassen-Vers. Stuttgart"]
[BlackTeam "le-tex GmbH Leipzig"]
[WhiteTeamCountry "GER"]
[BlackTeamCountry "GER"]

1. e4 e5 2. Nf3 Nc6 3. Bb5 a6 4. Ba4 d6 5. O-O Nf6 6. Re1 Be7 7. h3 O-O 8. c3
b5 9. Bc2 Bb7 10. d3 Qd7 11. Nbd2 Na5 12. Nf1 c5 13. Ng3 g6 14. Bh6 Rfd8 15.
Qd2 Qe8 16. Rad1 Bf8 17. Bxf8 Qxf8 18. b4 cxb4 19. cxb4 Nc6 20. Bb3 Rac8 21. a3
Rd7 22. d4 exd4 23. Nxd4 Ne5 24. Rc1 Rdc7 25. Rxc7 Rxc7 26. f3 Qc8 27. Ndf5 Ne8
28. Qg5 Qd7 29. Rd1 Nc4 30. Nh6+ Kf8 31. Ng4 Qe7 32. Qh6+ Kg8 33. Bxc4 Rxc4 34.
Rc1 Qc7 35. Rxc4 Qxc4 36. Qf4 Qc3 37. Qe3 Qa1+ 38. Kh2 Bc8 39. Nf2 Be6 40. Ne2
Qb2 41. Nd4 Bc4 42. f4 Nf6 43. Ng4 Nxg4+ 44. hxg4 Bf1 45. Qg1 Bxg2 46. Qxg2
Qxd4 47. Qf3 Kg7 48. Kh3 Qd2 49. g5 h6 50. gxh6+ Kxh6 51. Qg3 Qe2 52. Qc3 Kh7
53. e5 d5 54. Kg3 Qe4 55. Kg4 d4 56. Qc7 Qf5+ 57. Kg3 d3 58. Qd8 Kg7 59. Qd6 g5
60. fxg5 Qxg5+ 61. Kf2 Qf4+ 62. Kg2 d2 63. a4 bxa4 64. b5 axb5 65. Qd3 b4 66.
e6 fxe6 67. Qd7+ Kf6 68. Qd8+ Kf5 69. Qf8+ Ke5 70. Qb8+ Ke4 71. Qxb4+ Ke3 72.
Qc5+ Ke2 73. Qh5+ Kd3 74. Qb5+ Qc4 75. Qd7+ Ke2 76. Qf7 Qg4+ 77. Kh2 d1=Q 78.
Qf2+ Kd3 79. Qe3+ Kc4 80. Qc5+ 1/2-1/2

[Event "XIV. DBMM Schach"]
[Site "Dresden"]
[Date "2014.11.21"]
[Round "3.1"]
[White "Gohil, Harry"]
[Black "Gempe, Thomas"]
[Result "1-0"]
[WhiteElo "2322"]
[BlackElo "2209"]
[Annotator "br"]
[PlyCount "70"]
[EventDate "2014.??.??"]
[EventType "team-swiss"]
[EventRounds "7"]
[EventCountry "GER"]
[Source "FV Schach e.V."]
[SourceDate "2015.07.06"]
[WhiteTeam "BSG Commerzbank Frankfurt"]
[BlackTeam "ADAC Muenchen"]
[WhiteTeamCountry "GER"]
[BlackTeamCountry "GER"]

1. d4 Nf6 2. Bg5 d5 3. Bxf6 exf6 4. e3 Be6 5. Nd2 c5 6. dxc5 Bxc5 7. Nb3 Bd6 8.
g3 Nc6 9. Bg2 O-O 10. Ne2 Be5 11. c3 f5 12. Nf4 Bxf4 13. gxf4 Na5 14. Nxa5 Qxa5
$11 15. O-O Rfd8 16. Qe2 Rac8 17. Rfd1 Rd6 18. Rd4 Rc4 19. Rxc4 dxc4 20. Bxb7
Qd8 21. Bf3 g5 22. Rd1 g4 23. Rxd6 Qxd6 24. Bg2 h5 25. f3 Kf8 26. fxg4 hxg4 27.
Kf2 Qd8 28. Kg3 Kg7 29. h3 Kh6 30. hxg4 fxg4 31. Be4 f5 32. Bc2 Kg7 33. Qd1 Qa8
34. e4 Kg6 35. exf5+ Bxf5 1-0

[Event "XIV. DBMM Schach"]
[Site "Dresden"]
[Date "2014.11.21"]
[Round "3.2"]
[White "Weidl, Robert"]
[Black "Fischer, Alexander"]
[Result "0-1"]
[WhiteElo "1909"]
[BlackElo "2038"]
[Annotator "br"]
[PlyCount "94"]
[EventDate "2014.??.??"]
[EventType "team-swiss"]
[EventRounds "7"]
[EventCountry "GER"]
[Source "FV Schach e.V."]
[SourceDate "2015.07.06"]
[WhiteTeam "ADAC Muenchen"]
[BlackTeam "BSG Commerzbank Frankfurt"]
[WhiteTeamCountry "GER"]
[BlackTeamCountry "GER"]

1. e4 c6 2. d4 d5 3. e5 Bf5 4. Nc3 e6 5. Be3 Nd7 6. Nf3 c5 7. dxc5 Nxc5 8. Bb5+
Nd7 9. Nd4 Bg6 10. f4 a6 11. Bd3 Bxd3 12. Qxd3 Bc5 13. O-O-O Ne7 14. g4 g6 15.
Rhe1 h5 16. h3 b5 17. Nb3 Bxe3+ 18. Qxe3 Qb6 19. Qf3 O-O-O 20. Nd4 Nc6 21. Nxc6
Qxc6 22. Ne2 Kb7 23. Nd4 Qb6 24. f5 hxg4 25. hxg4 gxf5 26. gxf5 Rh7 27. f6 Rdh8
28. Qa3 Qc5 29. Qg3 Qc7 30. Nf3 Nxf6 31. Ng5 Rg7 32. Qf4 Nh5 33. Qe3 Rhg8 34.
Nf3 Ng3 35. Rg1 Qb6 36. Qxb6+ Kxb6 37. Rd2 Ne4 38. Rxg7 Rxg7 39. Rd1 Rg2 40.
Rg1 Rxg1+ 41. Nxg1 Kc5 42. Nf3 d4 43. Kd1 Nf2+ 44. Ke2 Ng4 45. Kd3 Kd5 46. Nxd4
Nxe5+ 47. Ke3 Nc4+ 0-1

[Event "XIV. DBMM Schach"]
[Site "Dresden"]
[Date "2014.11.21"]
[Round "3.3"]
[White "Lutterbey, Ralf"]
[Black "Baudrexel, Peter"]
[Result "1-0"]
[WhiteElo "1903"]
[BlackElo "1834"]
[Annotator "br"]
[PlyCount "63"]
[EventDate "2014.??.??"]
[EventType "team-swiss"]
[EventRounds "7"]
[EventCountry "GER"]
[Source "FV Schach e.V."]
[SourceDate "2015.07.06"]
[WhiteTeam "BSG Commerzbank Frankfurt"]
[BlackTeam "ADAC Muenchen"]
[WhiteTeamCountry "GER"]
[BlackTeamCountry "GER"]

1. e4 e6 2. d4 d5 3. c4 dxe4 4. f3 c5 5. d5 Bd6 6. Be3 Nf6 7. Nc3 exd5 8. cxd5
exf3 9. Nxf3 O-O 10. Be2 Bg4 11. O-O a6 12. Qc2 Qc7 13. Ng5 Bxe2 14. Rxf6 g6
15. Qxe2 Nd7 16. Rf3 Bxh2+ 17. Kh1 h5 18. Rh3 Bf4 19. Nce4 Rae8 20. Rf1 Bxe3
21. Rxe3 Re5 22. d6 Qd8 23. Nf6+ Nxf6 24. Rxe5 Qxd6 25. Ne4 Qd4 26. Nxf6+ Kg7
27. Nxh5+ Kh8 28. Rf4 Qd6 29. Re8 Kg8 30. Nf6+ Kg7 31. Qe5 Rh8+ 32. Nh5+ 1-0